[Event "Hessen-ch Seniors op 11th"]
[Site "Bad Sooden-Allendorf"]
[Date "2015.05.09"]
[Round "1"]
[White "Hellwege, Werner"]
[Black "Daebel, Hasso"]
[Result "1-0"]
[WhiteElo "1976"]
[BlackElo "1700"]
[PlyCount "76"]
[EventDate "2015.05.09"]
[EventType "swiss"]
[EventRounds "9"]
[EventCountry "GER"]
[SourceTitle "EXT 2018"]
[Source "ChessBase"]
[SourceDate "2017.10.13"]
[SourceVersion "1"]
[SourceVersionDate "2017.10.13"]
[SourceQuality "1"]

1. d4 d5 2. c4 dxc4 3. Nf3 c6 4. e3 Qa5+ 5. Bd2 Qd5 6. Nc3 Qe6 7. a4 Bd7 8. Ne5 b5 9. axb5 cxb5 10. Qf3 Bc6 11. Nxc6 Qxc6 12. d5 Qb7 13. b3 e6 14. bxc4 b4 15. Nb5 Kd8 16. e4 a5 17. dxe6 f6 18. Bf4 Nc6 19. Rd1+ Kc8 20. Rd7 Ne5 21. Bxe5 Qxd7 22. exd7+ Kxd7 23. Qd3+ Kc8 24. Qd5 Ra6 25. Bg3 b3 26. Bd3 Bb4+ 27. Ke2 Ne7 28. Qf7 Kd7 29. Rd1 Kc8 30. Kf1 Rd8 31. c5 Bxc5 32. Qc4 Rc6 33. Qxb3 Rd7 34. Be2 Rxd1+ 35. Qxd1 Ng6 36. Bg4+ Kb7 37. Qd7+ Kb6 38. Be2 Ne5 1-0

[Event "Bremen-ch Seniors"]
[Site "Bremen"]
[Date "2015.01.08"]
[Round "4"]
[White "Daebel, Hasso"]
[Black "Boehm, Karl1111"]
[Result "0-1"]
[WhiteElo "1440"]
[BlackElo "1600"]
[PlyCount "38"]
[EventDate "2015.01.05"]
[EventType "swiss"]
[EventRounds "7"]
[EventCountry "GER"]
[SourceTitle "EXT 2018"]
[Source "ChessBase"]
[SourceDate "2017.10.13"]
[SourceVersion "1"]
[SourceVersionDate "2017.10.13"]
[SourceQuality "1"]

1. Nf3 d5 2. d4 e6 3. Bf4 Nf6 4. h3 Bd6 5. Ne5 0-0 6. Nd2 c5 7. Ndf3 cxd4 8. Nxd4 a6 9. Nd3 Bxf4 10. e3 Bd6 11. c3 Nc6 12. Nb3 b6 13. Be2 a5 14. a4 Qc7 15. Nd4 Nxd4 16. exd4 Ba6 17. Qc2 Rfe8 18. 0-0-0 Rec8 19. Kb1 Rcb8 0-1

[Event "Bremen-ch Seniors"]
[Site "Bremen"]
[Date "2015.01.07"]
[Round "3"]
[White "Fehsenfeld, Kurt"]
[Black "Daebel, Hasso"]
[Result "1/2-1/2"]
[WhiteElo "1616"]
[BlackElo "1440"]
[PlyCount "114"]
[EventDate "2015.01.05"]
[EventType "swiss"]
[EventRounds "7"]
[EventCountry "GER"]
[SourceTitle "EXT 2018"]
[Source "ChessBase"]
[SourceDate "2017.10.13"]
[SourceVersion "1"]
[SourceVersionDate "2017.10.13"]
[SourceQuality "1"]

1. d4 d5 2. c4 dxc4 3. Nc3 Bd7 4. e3 b5 5. a3 c6 6. g3 Qc7 7. Bg2 Nf6 8. Nxb5 cxb5 9. Bxa8 Bc6 10. Bxc6+ Qxc6 11. Qf3 e6 12. Qxc6+ Nxc6 13. Bd2 Be7 14. Ne2 Ne4 15. Nc3 Nxc3 16. Bxc3 0-0 17. Rd1 a5 18. d5 exd5 19. Rxd5 b4 20. axb4 axb4 21. Bd4 Ra8 22. Kd2 Nxd4 23. Rxd4 Ra2 24. Rb1 c3+ 25. Kc2 Rxb2+ 26. Rxb2 cxb2 27. Rc4 g6 28. Kxb2 Kg7 29. Kb3 h5 30. h3 g5 31. f3 f6 32. f4 Kg6 33. Rc7 Bd6 34. Rc6 Be7 35. fxg5 Kxg5 36. Rc4 f5 37. Rc8 Kg6 38. Rg8+ Kf7 39. Rh8 Kg6 40. Re8 Kf7 41. Rxe7+ Kxe7 42. Kxb4 Ke6 43. Kc4 Ke5 44. Kd3 Kd5 45. Kd2 Ke4 46. Ke2 Kd5 47. Kf3 Ke6 48. Kf4 Kf6 49. Kf3 Ke5 50. Kf2 Kd5 51. Ke1 Ke4 52. Kd2 Ke5 53. Ke2 Kd5 54. Kd3 Ke5 55. Ke2 Ke4 56. Kf2 Kd5 57. Kf3 Ke5 1/2-1/2